Every Overwatch Character - Statistics

General Stats
  • This quiz has been taken 12 times
    3 since last reset
  • The average score is 21 of 42
Answer Stats
Role Hero % Correct
Tank Junker Queen
100%
Support Mercy
100%
Support Moira
100%
Tank Ramattra
100%
Tank Roadhog
100%
Support Ana
67%
Damage Ashe
67%
Damage Cassidy
67%
Tank D.Va
67%
Damage Echo
67%
Tank Hazard
67%
Damage Junkrat
67%
Support Juno
67%
Support Kiriko
67%
Support Lifeweaver
67%
Support Lucio
67%
Damage Mei
67%
Tank Reinhardt
67%
Tank Sigma
67%
Tank Winston
67%
Tank Wrecking Ball
67%
Tank Zarya
67%
Support Baptise
33%
Tank Doomfist
33%
Damage Genji
33%
Damage Hanzo
33%
Tank Mauga
33%
Tank Orisa
33%
Damage Pharah
33%
Damage Reaper
33%
Damage Soldier 76
33%
Damage Sombra
33%
Damage Torbjorn
33%
Damage Tracer
33%
Damage Venture
33%
Damage Widowmaker
33%
Support Zenyatta
33%
Damage Bastion
0%
Support Brigetta
0%
Support Illiari
0%
Damage Sojurn
0%
Damage Symetra
0%
No matching quizzes found
Score Distribution
Percent of People with Each Score
Percentile by Number Answered
Your Score History
You have not taken this quiz since the last reset